| 000 | 00439cam a2200169ua 4500 | ||
|---|---|---|---|
| 020 | _c30.00 | ||
| 041 |
_aeng _h |
||
| 082 |
_a332.401 _bKUR/MO |
||
| 100 | _aKurihara, Kenneth.K . | ||
| 245 |
_aMonetary theory and public policy / _cK Kenneth Kurihara. _hTextual Documents |
||
| 260 |
_aLondon : _bGeorge Allen & Unwin Ltd , _c1962. |
||
| 300 | _a393 ; . | ||
| 365 | _a30.00 | ||
| 504 | _a | ||
| 942 | _cBK | ||
| 999 |
_c2174 _d2174 |
||